Catálogo
 En Linea

Catálogo de documentos del archivo de Indias en Sevilla referentes á la historia historia de la República de Argentina 1514-1810. (Registro nro. 35129)

Detalles MARC
000 -CABECERA
campo de control de longitud fija 00535nam a2200133 a 4500
001 - NÚMERO DE CONTROL
campo de control 000035638
005 - FECHA Y HORA DE LA ÚLTIMA TRANSACCIÓN
campo de control 20200930074507.0
008 - DATOS DE LONGITUD FIJA--INFORMACIÓN GENERAL
campo de control de longitud fija 111107s1901 ag 000 0 spa d
040 ## - FUENTE DE LA CATALOGACIÓN
Centro catalogador/agencia de origen DO-SdBNP
Lengua de catalogación spa
Centro/agencia transcriptor BNPHU
245 00 - MENCIÓN DE TÍTULO
Título Catálogo de documentos del archivo de Indias en Sevilla referentes á la historia historia de la República de Argentina 1514-1810.
260 ## - PUBLICACIÓN, DISTRIBUCIÓN, ETC.
Lugar de publicación, distribución, etc. Buenos Aires :
Nombre del editor, distribuidor, etc. Taller tipográfico de la Penitenciaría Nacional,
Fecha de publicación, distribución, etc. 1901.
300 ## - DESCRIPCIÓN FÍSICA
Extensión 640 p. ;
Dimensiones 27 cm.
710 1# - PUNTO DE ACCESO ADICIONAL--NOMBRE DE ENTIDAD CORPORATIVA
Nombre de entidad corporativa o nombre de jurisdicción como elemento de entrada Ministerio de Relaciones Exteriores y Culto
9 (RLIN) 61555
Existencias
Estado de retiro Estado de pérdida Restricciones de uso No para préstamo Código de colección Localización permanente Ubicación/localización actual Ubicación en estantería Fecha de adquisición Número de inventario Total de préstamos Signatura topográfica completa Código de barras Fecha visto por última vez Precio válido a partir de Tipo de ítem Koha
      Excluido de préstamo Monografías: Libros y Folletos General General En catalogación 07.11.2011 LF1   35638-10 25.06.2020 25.06.2020 No se presta

Con tecnología Koha